书目信息 |
| 题名: |
红薯保管知识
|
|
| 作者: | ;河南省农业厅 编写 | |
| 分册: | ||
| 出版信息: | 郑州 河南人民出版社 1958 |
|
| 页数: | 54页 | |
| 开本: | 19cm | |
| 丛书名: | ||
| 单 册: | ||
| 中图分类: | S531.09 | |
| 科图分类: | ||
| 主题词: | 甘薯--贮藏 | |
| 电子资源: | ||
| ISBN: | T16105.106 | |
| 000 | 00649cam0 2200229 450 | |
| 001 | 0105440478 | |
| 005 | 20060818085034.0 | |
| 010 | @aT16105.106@dCNY0.17 | |
| 091 | @aT16105.106@dCNY0.17 | |
| 100 | @a19961012d1958 em y0chiy0110 ea | |
| 101 | 0 | @achi |
| 102 | @aCN@b410000 | |
| 105 | @ay z 000yy | |
| 106 | @ar | |
| 200 | 1 | @a红薯保管知识@9Hong;Gong Shu Bao Guan Zhi Shi;Zhi @f河南省粮食厅编写@b专著 |
| 210 | @a郑州@c河南人民出版社@d1958 | |
| 215 | @a54页@d19cm | |
| 606 | 0 | @a甘薯@x贮藏 |
| 690 | @aS531.09@v3 | |
| 711 | 02 | @a河南省农业厅@9he na sheng nong ye ting@4编写 |
| 801 | 0 | @aCN@bAiZhiMarc |
| 905 | @aBZT@dS531.09@e2@f1@sS531.09/2 | |
| 红薯保管知识/河南省粮食厅编写.-郑州:河南人民出版社,1958 |
| 54页;19cm |
| ISBN T16105.106:CNY0.17 |
| ● |
| 相关链接 |
|
|
|
正题名:红薯保管知识
索取号:S531.09/2
 
预约/预借
| 序号 | 登录号 | 条形码 | 馆藏地/架位号 | 状态 | 备注 |
| 1 | 2000118258 | 2000118258 | 旧书回溯/ [索取号:S531.09/2] | 在馆 |